Vista normal
Vista MARC
- Córdova Herrera, José Alejandro
Entrada Nombre personal
Número de registros utilizados en: 10
001 - NÚMERO DE CONTROL
- campo de control: 11386
003 - IDENTIFICADOR DE NÚMERO DE CONTROL
- campo de control: gtgcusco
005 - FECHA Y HORA DE LA ÚLTIMA TRANSACCIÓN
- campo de control: 20250304133544.0
008 - ELEMENTOS DE DATO DE LONGITUD-FIJA
- campo de control de longitud fija: 250304|| aca||aabn | a|a d
040 ## - FUENTE DE CATALOGACIÓN
- Centro catalogador/agencia de origen: gtgcusco
- Centro/agencia transcriptor: gtgcusco
100 ## - ENCABEZAMIENTO-NOMBRE DE PERSONA
- Nombre de persona: Córdova Herrera, José Alejandro
670 ## - FUENTE DE DATOS ENCONTRADOS
- Cita de la fuente: Work cat.: (gtgcusco)4509: Córdova Herrera, José Alejandro, Hacia un futuro sostenible : el cambio climático a través del prisma de los derechos humanos /, 2024.

